000 01173nam a22003617a 4500
001 BR0205758
003 BR-BrBNA
005 20230928101217.0
007 ta
008 230509b bl.||||| |||| 00| 0 por d
040 _aBR-BrBNA
_bpor
_cBiblioteca Nacional de Agricultura
041 _a(Por)
072 _aL53; L10
_b5213
090 _ 5213 BR0205758
100 1 _aMurta, J.E.J.
110 1 _aUniversidade Federal de Minas Gerais, Belo Horizonte (Brasil). Escola de Veterinária
_0Tese (Mestre em Zootecnia)
245 1 _aMétodos de descongelamento do sêmen e suas influências nas taxas de prenhez de vacas Nelore com ovulações sincronizadas
260 3 _aBelo Horizonte, MG (Brasil):
_c2002.
300 _a27 p.
500 _aSummaries (Eng, Por); Bibliography p.24-27; 9 tables
650 _aGADO NELORE
650 _aGADO ZEBU
650 _aREPRODUÇÃO ANIMAL
650 _aPRENHEZ
650 _aSÊMEN
650 _aDESCONGELAMENTO
650 _aMELHORAMENTO GENÉTICO ANIMAL
650 _aEFICIÊNCIA REPRODUTIVA
650 _aINSEMINAÇÃO ARTIFICIAL
650 _aESTRADIOL
909 _a202309
_bLucia
_c55
_dLucia Elande
942 _cBK
999 _c64734
_d64734